|
|
|
|
| LEADER |
00000nam a22000007a 4500 |
| 005 |
20220630222741.0 |
| 007 |
cr|||| |||| |
| 008 |
220630s2021 ea |||||s|||| 00||0 eng d |
| 020 |
|
|
|a 978-84-1377-817-4
|
| 035 |
|
|
|a 36153
|
| 040 |
|
|
|a vLex
|
| 090 |
|
|
|c 13506
|d 13506
|
| 100 |
1 |
|
|a Partyk, Aleksandra
|
| 245 |
1 |
0 |
|a Artificial intelligence and human rights
|h [Recurso electrn̤ico] /
|c Aleksandra Partyk, Rubň Miranda Gonȧlves
|
| 256 |
|
|
|a Servicio en ln̕ea
|
| 260 |
|
|
|a Madrid:
|b Dykinson,
|c 2021
|
| 300 |
|
|
|a 1 recurso electrn̤ico
|
| 506 |
1 |
|
|a Disponible solo en los productos indicados
|d vLex Global
|d vLex Global (Academic Edition, excluding Law Schools)
|d vLex Global (U.S. Academic Edition, Law Schools)
|d vLex Global (U.S. Academic Edition, excluding Law Schools)
|d vLex Global (Academic Edition, Law Schools)
|
| 650 |
0 |
4 |
|a Derecho Internacional
|z Espaą
|
| 650 |
0 |
4 |
|a Derecho Militar
|z Espaą
|
| 650 |
0 |
4 |
|a Ciencias aplicadas
|z Espaą
|
| 700 |
1 |
|
|a Miranda Gonȧlves, Rubň
|
| 740 |
0 |
|
|a vLex Libros (Servicio en ln̕ea)
|
| 856 |
4 |
0 |
|u https://app.vlex.com/#/sources/36153
|z Acceso restringido
|
| 942 |
|
|
|c BOOK
|
| 999 |
0 |
|
|a International Law
|
| 999 |
0 |
|
|a Military Law
|
| 999 |
0 |
|
|a Applied Sciences
|